Estudio de accidentabilidad del tramo de carretera sur Nic-2, km 64 al km 80, empalme El Grajinan-puente Ochomogo, Granada, Nicaragua
La presente investigación realiza un estudio de accidentabilidad del km., 64 al 80 carretera sur, empalme el Grajinan-puente Ochomogo, esta investigación podrá ser usada como punto de partida para nuevos estudios para seguridad vial, y proponer posibles soluciones para disminuir la cantidad d...
| Main Authors: | , , |
|---|---|
| Other Authors: | |
| Format: | Tesis Section = Libro |
| Language: | Undetermined Spanish |
| Published: |
Managua
UNI-IES
2018
|
| Subjects: |
| LEADER | 01258nam a2200277Ia 4500 | ||
|---|---|---|---|
| 008 | 240830s9999 xx 000 0 und d | ||
| 040 | |a BIBLIOTECA-RUPAP Mon 363.1251 M627 | ||
| 041 | |a spa | ||
| 082 | |a Mon 363.1251 M627 | ||
| 100 | 1 | |a Montiel López, Michael Jeffer | |
| 100 | 1 | |b Parrales López, Félix Román | |
| 100 | 1 | |c Obando Olivares, Roberto Alfredo | |
| 245 | 1 | 0 | |a Estudio de accidentabilidad del tramo de carretera sur Nic-2, km 64 al km 80, empalme El Grajinan-puente Ochomogo, Granada, Nicaragua |
| 260 | |a Managua |b UNI-IES |c 2018 | ||
| 300 | |a 102 p. :il. | ||
| 500 | |a Contiene anexos: y CD. | ||
| 502 | |a Tesis (Ingeniero Civil)- UNI, 2018. | ||
| 520 | 3 | |a La presente investigación realiza un estudio de accidentabilidad del km., 64 al 80 carretera sur, empalme el Grajinan-puente Ochomogo, esta investigación podrá ser usada como punto de partida para nuevos estudios para seguridad vial, y proponer posibles soluciones para disminuir la cantidad de accidentes. | |
| 650 | 7 | |a ANALISIS DE ACCIDENTABILIDAD | |
| 650 | 7 | |b ESTUDIO DE TRAFICO | |
| 650 | 7 | |c INVENTARIO VIAL | |
| 650 | 7 | |d SEÑALIZACION VIAL | |
| 700 | 1 | |a Tutor: |b Torrez Rodríguez, Beatriz de los Ángeles | |
| 942 | |c BK |2 ddc | ||
| 991 | |a TESIS | ||
| 999 | |c 15540 | ||